000 00574nam a2200217Ia 4500
003 OSt
005 20220928144050.0
006 a|||||r|||| 00| 0
007 ta
008 220927b |||||||| |||| 00| 0 eng d
024 _a23975
037 _cTextual
040 _aSDCL
_cSDCL
_beng
041 _2eng
_aeng
082 _aO152,1I00:g, N0
100 _aDixit Anand Prakash Ed.
_9506660
245 0 _aKabirdas
_b Chintan aur sarjan.
260 _c1990
942 _hO152,1I00:g, N0
_cTEXL
_2CC
999 _c825900
_d825900